[Event "Athens Iraklion op 25th"]
[Site "Athens"]
[Date "2023.06.23"]
[Round "7"]
[White "Mytilinis, Sokratis"]
[Black "Georgiadis, Anastasios"]
[Result "1-0"]
[WhiteElo "1838"]
[BlackElo "1945"]
[PlyCount "93"]
[EventDate "2023.06.17"]
[EventType "swiss"]
[EventRounds "9"]
[EventCountry "GRE"]
[SourceTitle "CBM 214 Extra"]
[Source "ChessBase"]
[SourceDate "2023.07.31"]
[SourceVersion "1"]
[SourceVersionDate "2023.07.31"]
[SourceQuality "1"]

1. e4 e6 2. d4 d5 3. exd5 exd5 4. Nf3 Bd6 5. c4 dxc4 6. Bxc4 Nf6 7. 0-0 0-0 8. Nc3 c6 9. Re1 Bg4 10. h3 Bh5 11. g4 Bg6 12. Ne5 c5 13. Nxg6 hxg6 14. dxc5 Bxc5 15. Bxf7+ Kh7 16. Qxd8 Rxd8 17. Be3 Bxe3 18. Rxe3 Nc6 19. Rd1 Rxd1+ 20. Nxd1 Rd8 21. Nc3 Rd7 22. Bc4 Rd2 23. Re2 Rd4 24. Bb3 Rd3 25. Re3 Rd2 26. Re2 Rd3 27. g5 Nh5 28. Re8 Rd4 29. Nb5 Rd2 30. Rf8 a6 31. Nc7 Nd4 32. Bg8+ Kh8 33. Nd5 Nf5 34. b4 Rd4 35. a3 b5 36. Re8 Rd1+ 37. Kh2 Rd2 38. Kg2 Rd4 39. Kf1 Rd1+ 40. Ke2 Ra1 41. Nc7 Rxa3 42. Bf7+ Kh7 43. Ne6 Ra2+ 44. Kd1 Ra1+ 45. Kd2 Ra2+ 46. Kc1 Nh6 47. Nf8+ 1-0

[Event "Nikaia op 29th"]
[Site "Nikaia"]
[Date "2022.09.07"]
[Round "7"]
[White "Nteligiorgis, Eleftherios"]
[Black "Mytilinis, Sokratis"]
[Result "1/2-1/2"]
[WhiteElo "2023"]
[BlackElo "1848"]
[PlyCount "111"]
[EventDate "2022.09.01"]
[EventType "swiss"]
[EventRounds "9"]
[EventCountry "GRE"]
[SourceTitle "CBM 210 Extra"]
[Source "ChessBase"]
[SourceDate "2022.11.30"]
[SourceVersion "1"]
[SourceVersionDate "2022.11.30"]
[SourceQuality "1"]

1. e4 e5 2. Nf3 Nc6 3. Bc4 Nf6 4. d4 exd4 5. 0-0 Nxe4 6. Re1 d5 7. Bxd5 Qxd5 8. Nc3 Qh5 9. Nxe4 Be6 10. Bg5 Bd6 11. Nxd6+ cxd6 12. Bf4 Qd5 13. c3 0-0 14. Nxd4 Nxd4 15. cxd4 Rfc8 16. b3 Rc3 17. Rc1 Rac8 18. Rxc3 Rxc3 19. Qd2 Rc6 20. Re3 Qf5 21. Rd3 Rc1+ 22. Qxc1 Qxd3 23. Bxd6 Qxd4 24. Bc5 Qd8 25. h3 a6 26. Qf4 h6 27. Bd4 Qd5 28. Bb2 Kh7 29. Kh2 f6 30. Qc7 Qd7 31. Qc5 Qd5 32. Qe7 Qe4 33. f3 Qf4+ 34. Kh1 Bxh3 35. Qxb7 Bxg2+ 36. Kxg2 Qd2+ 37. Kh3 Qxb2 38. Qxa6 Qb1 39. Kg2 Qb2+ 40. Kg3 Qd2 41. a4 Qe1+ 42. Kg2 Qd2+ 43. Kh3 Qd1 44. Qb7 Qf1+ 45. Kg3 Qe1+ 46. Kg4 Qe6+ 47. Kh4 Qe1+ 48. Kh3 Qe6+ 49. Kg3 Qe1+ 50. Kf4 Qe5+ 51. Kg4 Qe6+ 52. Kg3 Qe1+ 53. Kh2 Qe2+ 54. Kg1 Qe1+ 55. Kg2 Qe2+ 56. Kg3 1/2-1/2

[Event "Ambelokipi op 172nd"]
[Site "Athens"]
[Date "2019.04.17"]
[Round "7"]
[White "Mytilinis, Sokratis"]
[Black "Delithanasis, Dimitrios"]
[Result "1/2-1/2"]
[WhiteElo "1825"]
[BlackElo "1956"]
[PlyCount "50"]
[EventDate "2019.03.06"]
[EventType "swiss"]
[EventRounds "7"]
[EventCountry "GRE"]
[SourceTitle "EXT 2020"]
[Source "ChessBase"]
[SourceDate "2019.10.17"]
[SourceVersion "1"]
[SourceVersionDate "2019.10.17"]
[SourceQuality "1"]

1. c4 Nf6 2. Nc3 c5 3. Nf3 g6 4. d4 cxd4 5. Nxd4 Nc6 6. e4 Bg7 7. Be3 0-0 8. Be2 d6 9. f3 Nxd4 10. Bxd4 Bd7 11. 0-0 a5 12. b3 Bc6 13. Qd2 Nd7 14. Be3 e6 15. Rac1 Be5 16. Rfd1 Nc5 17. Bf1 Qe7 18. Ne2 b6 19. Nd4 Bb7 20. Nb5 Rfd8 21. Qf2 f5 22. exf5 gxf5 23. Bd4 Bf4 24. Be3 Be5 25. Bd4 Bf4 1/2-1/2

[Event "Ambelokipi op 172nd"]
[Site "Athens"]
[Date "2019.03.27"]
[Round "4"]
[White "Merkos, Thomas"]
[Black "Mytilinis, Sokratis"]
[Result "0-1"]
[WhiteElo "1526"]
[BlackElo "1825"]
[PlyCount "83"]
[EventDate "2019.03.06"]
[EventType "swiss"]
[EventRounds "7"]
[EventCountry "GRE"]
[SourceTitle "EXT 2020"]
[Source "ChessBase"]
[SourceDate "2019.10.17"]
[SourceVersion "1"]
[SourceVersionDate "2019.10.17"]
[SourceQuality "1"]

1. e4 c5 2. Nf3 Nc6 3. d4 cxd4 4. Nxd4 Nf6 5. Nc3 d6 6. Be2 e5 7. Nb3 Be7 8. 0-0 0-0 9. f3 a5 10. Be3 a4 11. Nc1 a3 12. bxa3 Rxa3 13. Nb3 Be6 14. Kh1 d5 15. Nb5 Ra8 16. Nc5 b6 17. Nxe6 fxe6 18. Bd3 Bc5 19. Qe2 Nd7 20. c4 d4 21. Bd2 Be7 22. Rfd1 Nc5 23. Rf1 Bg5 24. Bxg5 Qxg5 25. Rfe1 Nb4 26. Bb1 Nb3 27. Nc7 Nxa1 28. Nxa8 Rxa8 29. Qb2 Nac2 30. Bxc2 Rxa2 31. Qxb4 Rxc2 32. Rg1 h6 33. Qxb6 d3 34. Qxe6+ Kh7 35. Qd7 d2 36. h3 Rc1 37. Qd3 Re1 38. c5 Qe3 39. Qxe3 Rxe3 40. c6 Re1 41. Kh2 Rxg1 42. c7 0-1